Súčasný stav a plnenie rozvojových zámerov v ústavnej starostlivosti v Slovenskej republike z pohľadu zabezpečenia práv dieťaťa

Analýza rozvojových zámerov ústavnej starostlivosti a ich plnenie v SR. Transformačný proces a jeho hlavné ciele. Organizácia a kapacity detských domovov.

Gespeichert in:
Bibliographische Detailangaben
1. Verfasser: Husáková, Mária
Weitere Verfasser: Sika, Peter, 1975-
Format: Buchkapitel
Sprache:Slowakisch
Schlagworte:
Tags: Tag hinzufügen
Keine Tags, Fügen Sie das erste Tag hinzu!

MARC

LEADER 00000naa a2200000 4500
001 0129820
005 20240502072503.6
041 0 |a slo 
044 |a SK 
245 1 0 |a Súčasný stav a plnenie rozvojových zámerov v ústavnej starostlivosti v Slovenskej republike z pohľadu zabezpečenia práv dieťaťa  |c Mária Husáková, Peter Sika 
520 |a Analýza rozvojových zámerov ústavnej starostlivosti a ich plnenie v SR. Transformačný proces a jeho hlavné ciele. Organizácia a kapacity detských domovov. 
610 2 0 |a starostlivosť o deti 
610 2 0 |a starostlivosť sociálna 
610 2 0 |a Slovensko 
610 2 0 |a výchova 
610 2 0 |a rodina 
100 1 |a Husáková, Mária 
700 1 |a Sika, Peter, 1975-